| 000 | 00966nam a22002771a 4500 | ||
|---|---|---|---|
| 001 | 47031 | ||
| 003 | BD-RjUL | ||
| 005 | 20211209054241.0 | ||
| 008 | 160806s1965 enk b 001 0 eng | ||
| 035 | _a(BD-RjUL) | ||
| 035 | _a(OCoLC)492620 | ||
| 040 |
_aDLC _cOClU _dOCoLC _dNcRS _dDLC _dBD-RjUL _beng |
||
| 041 | _aeng | ||
| 082 |
_a361 _223 _bINT 1965 |
||
| 245 | 1 | 3 |
_aAn introduction to the study of social administration / _cEdited by David C. Marsh. |
| 260 |
_aLondon : _bRoutledge & K. Paul, _c1965 |
||
| 300 |
_aviii, 248 p. ; _c23 cm. |
||
| 500 | _aImprint covered by label: New York, Humanities Press. | ||
| 504 | _aIncludes bibliographical references. | ||
| 650 | 0 |
_aPublic welfare _zGreat Britain _xHistory. _9143237 |
|
| 650 | 0 |
_aSocial security _zGreat Britain _xHistory. _9143238 |
|
| 650 | 0 |
_aSocial work education. _9117926 |
|
| 700 |
_aMarsh, David C. _q(David Charles) _9143239 |
||
| 740 | 4 | _aThe study of social administration. | |
| 942 |
_2ddc _cBK |
||
| 999 |
_c47031 _d47031 |
||